<?xml version="1.0" encoding="UTF-8"?>
<collection xmlns="http://www.loc.gov/MARC21/slim">
 <record>
  <leader>03990cam a2200757   4500</leader>
  <controlfield tag="001">635688034</controlfield>
  <controlfield tag="003">DE-627</controlfield>
  <controlfield tag="005">20240311183515.0</controlfield>
  <controlfield tag="007">tu</controlfield>
  <controlfield tag="008">100927s2010    xxk||||| c    00| ||eng c</controlfield>
  <datafield tag="010" ind1=" " ind2=" ">
   <subfield code="a">  2010930665</subfield>
  </datafield>
  <datafield tag="016" ind1="7" ind2=" ">
   <subfield code="a">015601144</subfield>
   <subfield code="2">UK</subfield>
  </datafield>
  <datafield tag="020" ind1=" " ind2=" ">
   <subfield code="a">9781848220751</subfield>
   <subfield code="c">(hbk.) £40.00</subfield>
   <subfield code="9">978-1-84822-075-1</subfield>
  </datafield>
  <datafield tag="020" ind1=" " ind2=" ">
   <subfield code="a">1848220758</subfield>
   <subfield code="c">(hbk.) £40.00</subfield>
   <subfield code="9">1-84822-075-8</subfield>
  </datafield>
  <datafield tag="024" ind1="3" ind2=" ">
   <subfield code="a">9781848220751</subfield>
  </datafield>
  <datafield tag="035" ind1=" " ind2=" ">
   <subfield code="a">(DE-627)635688034</subfield>
  </datafield>
  <datafield tag="035" ind1=" " ind2=" ">
   <subfield code="a">(DE-576)335124771</subfield>
  </datafield>
  <datafield tag="035" ind1=" " ind2=" ">
   <subfield code="a">(DE-599)GBV635688034</subfield>
  </datafield>
  <datafield tag="035" ind1=" " ind2=" ">
   <subfield code="a">(OCoLC)845999071</subfield>
  </datafield>
  <datafield tag="035" ind1=" " ind2=" ">
   <subfield code="a">(OCoLC)696012636</subfield>
  </datafield>
  <datafield tag="040" ind1=" " ind2=" ">
   <subfield code="a">DE-627</subfield>
   <subfield code="b">ger</subfield>
   <subfield code="c">DE-627</subfield>
   <subfield code="e">rakwb</subfield>
  </datafield>
  <datafield tag="041" ind1=" " ind2=" ">
   <subfield code="a">eng</subfield>
  </datafield>
  <datafield tag="044" ind1=" " ind2=" ">
   <subfield code="c">XA-GB</subfield>
  </datafield>
  <datafield tag="050" ind1=" " ind2="0">
   <subfield code="a">ND467.5.P7</subfield>
  </datafield>
  <datafield tag="082" ind1="0" ind2=" ">
   <subfield code="a">759.207442574</subfield>
   <subfield code="q">LOC</subfield>
   <subfield code="2">22</subfield>
  </datafield>
  <datafield tag="084" ind1=" " ind2=" ">
   <subfield code="a">9,10</subfield>
   <subfield code="2">ssgn</subfield>
  </datafield>
  <datafield tag="084" ind1=" " ind2=" ">
   <subfield code="a">LO 62160</subfield>
   <subfield code="q">BVB</subfield>
   <subfield code="2">rvk</subfield>
   <subfield code="0">(DE-625)rvk/103928:</subfield>
  </datafield>
  <datafield tag="084" ind1=" " ind2=" ">
   <subfield code="a">20.70</subfield>
   <subfield code="2">bkl</subfield>
  </datafield>
  <datafield tag="245" ind1="1" ind2="0">
   <subfield code="a">Pre-Raphaelites and Italy</subfield>
   <subfield code="b">[to accompany the exhibition &quot;The Pre-Raphaelites and Italy&quot; at the Ahmolean Museum, Oxford 16th September 2010 to 5th December 2010.]</subfield>
   <subfield code="c">Colin Harrison and Christopher Newall. With essays by Maurizio Isabella ...</subfield>
  </datafield>
  <datafield tag="264" ind1=" " ind2="1">
   <subfield code="a">Oxford</subfield>
   <subfield code="b">Ashmolean Museum</subfield>
   <subfield code="c">2010</subfield>
  </datafield>
  <datafield tag="264" ind1=" " ind2="1">
   <subfield code="a">Farnham, Surrey [u.a.]</subfield>
   <subfield code="b">Lund Humphries</subfield>
   <subfield code="c">2010</subfield>
  </datafield>
  <datafield tag="300" ind1=" " ind2=" ">
   <subfield code="a">217 S.</subfield>
   <subfield code="b">überw. Ill</subfield>
   <subfield code="c">28 cm</subfield>
  </datafield>
  <datafield tag="336" ind1=" " ind2=" ">
   <subfield code="a">Text</subfield>
   <subfield code="b">txt</subfield>
   <subfield code="2">rdacontent</subfield>
  </datafield>
  <datafield tag="336" ind1=" " ind2=" ">
   <subfield code="a">unbewegtes Bild</subfield>
   <subfield code="b">sti</subfield>
   <subfield code="2">rdacontent</subfield>
  </datafield>
  <datafield tag="337" ind1=" " ind2=" ">
   <subfield code="a">ohne Hilfsmittel zu benutzen</subfield>
   <subfield code="b">n</subfield>
   <subfield code="2">rdamedia</subfield>
  </datafield>
  <datafield tag="338" ind1=" " ind2=" ">
   <subfield code="a">Band</subfield>
   <subfield code="b">nc</subfield>
   <subfield code="2">rdacarrier</subfield>
  </datafield>
  <datafield tag="500" ind1=" " ind2=" ">
   <subfield code="a">Literaturverz. S. 212 - 213 und Index of works</subfield>
  </datafield>
  <datafield tag="583" ind1="1" ind2=" ">
   <subfield code="a">Archivierung/Langzeitarchivierung gewährleistet</subfield>
   <subfield code="f">SSG</subfield>
   <subfield code="x">XA-DE-BW</subfield>
   <subfield code="2">pdager</subfield>
   <subfield code="5">DE-16</subfield>
  </datafield>
  <datafield tag="650" ind1=" " ind2="0">
   <subfield code="a">Pre-Raphaelitism</subfield>
   <subfield code="z">Great Britain</subfield>
   <subfield code="v">Exhibitions</subfield>
  </datafield>
  <datafield tag="650" ind1=" " ind2="0">
   <subfield code="a">Painting, Modern</subfield>
   <subfield code="y">19th century</subfield>
   <subfield code="v">Exhibitions</subfield>
  </datafield>
  <datafield tag="651" ind1=" " ind2="0">
   <subfield code="a">Italy</subfield>
   <subfield code="v">In art</subfield>
   <subfield code="v">Exhibitions</subfield>
  </datafield>
  <datafield tag="653" ind1=" " ind2=" ">
   <subfield code="a">Pre-Raphaelitism</subfield>
   <subfield code="a">Great Britain</subfield>
   <subfield code="a">Exhibitions</subfield>
  </datafield>
  <datafield tag="653" ind1=" " ind2=" ">
   <subfield code="a">Painting, Modern</subfield>
   <subfield code="a">19th century</subfield>
   <subfield code="a">Exhibitions</subfield>
  </datafield>
  <datafield tag="653" ind1=" " ind2=" ">
   <subfield code="a">Italy</subfield>
   <subfield code="a">In art</subfield>
   <subfield code="a">Exhibitions</subfield>
  </datafield>
  <datafield tag="655" ind1=" " ind2="7">
   <subfield code="a">Ausstellungskatalog</subfield>
   <subfield code="y">2010</subfield>
   <subfield code="z">Oxford</subfield>
   <subfield code="0">(DE-588)4135467-9</subfield>
   <subfield code="0">(DE-627)10566491X</subfield>
   <subfield code="0">(DE-576)209660988</subfield>
   <subfield code="2">gnd-content</subfield>
  </datafield>
  <datafield tag="689" ind1="0" ind2="0">
   <subfield code="d">s</subfield>
   <subfield code="0">(DE-588)4175547-9</subfield>
   <subfield code="0">(DE-627)105363391</subfield>
   <subfield code="0">(DE-576)209964375</subfield>
   <subfield code="a">Präraffaeliten</subfield>
   <subfield code="2">gnd</subfield>
  </datafield>
  <datafield tag="689" ind1="0" ind2="1">
   <subfield code="d">s</subfield>
   <subfield code="0">(DE-588)4123455-8</subfield>
   <subfield code="0">(DE-627)104825987</subfield>
   <subfield code="0">(DE-576)20955987X</subfield>
   <subfield code="a">Italien</subfield>
   <subfield code="g">Motiv</subfield>
   <subfield code="2">gnd</subfield>
  </datafield>
  <datafield tag="689" ind1="0" ind2=" ">
   <subfield code="5">(DE-627)</subfield>
  </datafield>
  <datafield tag="700" ind1="1" ind2=" ">
   <subfield code="a">Harrison, Colin</subfield>
   <subfield code="d">1963-</subfield>
   <subfield code="0">(DE-588)142852139</subfield>
   <subfield code="0">(DE-627)640546021</subfield>
   <subfield code="0">(DE-576)333710274</subfield>
   <subfield code="4">oth</subfield>
  </datafield>
  <datafield tag="700" ind1="1" ind2=" ">
   <subfield code="a">Newall, Christopher</subfield>
   <subfield code="d">1951-</subfield>
   <subfield code="0">(DE-588)137723121</subfield>
   <subfield code="0">(DE-627)594860679</subfield>
   <subfield code="0">(DE-576)304861456</subfield>
   <subfield code="4">oth</subfield>
  </datafield>
  <datafield tag="700" ind1="1" ind2=" ">
   <subfield code="a">Isabella, Maurizio</subfield>
   <subfield code="e">Mitarb.</subfield>
   <subfield code="0">(DE-588)1051600049</subfield>
   <subfield code="0">(DE-627)786435860</subfield>
   <subfield code="0">(DE-576)406884404</subfield>
   <subfield code="4">oth</subfield>
  </datafield>
  <datafield tag="710" ind1="2" ind2=" ">
   <subfield code="a">Ashmolean Museum</subfield>
   <subfield code="0">(DE-588)1007560-4</subfield>
   <subfield code="0">(DE-627)103105654</subfield>
   <subfield code="0">(DE-576)191173177</subfield>
   <subfield code="4">oth</subfield>
  </datafield>
  <datafield tag="710" ind1="2" ind2=" ">
   <subfield code="a">Museo d'arte della città di Ravenna</subfield>
   <subfield code="0">(DE-588)10147811-2</subfield>
   <subfield code="0">(DE-627)517361841</subfield>
   <subfield code="0">(DE-576)257185836</subfield>
   <subfield code="4">oth</subfield>
  </datafield>
  <datafield tag="711" ind1="2" ind2=" ">
   <subfield code="a">Exhibition Pre-Raphaelites and Italy</subfield>
   <subfield code="d">2010</subfield>
   <subfield code="c">Oxford</subfield>
   <subfield code="0">(DE-588)16093592-1</subfield>
   <subfield code="0">(DE-627)641608128</subfield>
   <subfield code="0">(DE-576)334819814</subfield>
   <subfield code="4">oth</subfield>
  </datafield>
  <datafield tag="787" ind1="0" ind2="8">
   <subfield code="i">Rezensiert in</subfield>
   <subfield code="a">Kampmann, Beate</subfield>
   <subfield code="t">[Rezension von: Colin Harrison / Christopher Newall, The Pre-Raphaelites and Italy]</subfield>
   <subfield code="d">2011</subfield>
   <subfield code="w">(DE-627)1806537788</subfield>
  </datafield>
  <datafield tag="856" ind1="4" ind2="2">
   <subfield code="u">https://swbplus.bsz-bw.de/bsz335124771inh.htm</subfield>
   <subfield code="m">B:DE-576;DE-16</subfield>
   <subfield code="q">application/pdf</subfield>
   <subfield code="v">20110124163237</subfield>
   <subfield code="x">Verlag</subfield>
   <subfield code="3">Inhaltsverzeichnis</subfield>
  </datafield>
  <datafield tag="856" ind1="4" ind2="2">
   <subfield code="u">https://swbplus.bsz-bw.de/bsz335124771rez.htm</subfield>
   <subfield code="m">B:DE-576;DE-16</subfield>
   <subfield code="q">application/pdf</subfield>
   <subfield code="v">20111206100539</subfield>
   <subfield code="x">Verlag</subfield>
   <subfield code="3">Rezension</subfield>
  </datafield>
  <datafield tag="856" ind1="4" ind2="2">
   <subfield code="u">http://www.sehepunkte.de/2011/11/19209.html</subfield>
   <subfield code="m">V:DE-576;X:Sehepunkte</subfield>
   <subfield code="q">text/html</subfield>
   <subfield code="v">20180413100630</subfield>
   <subfield code="3">Rezension</subfield>
  </datafield>
  <datafield tag="935" ind1=" " ind2=" ">
   <subfield code="i">Blocktest</subfield>
  </datafield>
  <datafield tag="936" ind1="r" ind2="v">
   <subfield code="a">LO 62160</subfield>
   <subfield code="b">19. und 20. Jahrhundert</subfield>
   <subfield code="k">Kunstgeschichte</subfield>
   <subfield code="k">Kunst nach Ländern bzw. Kontinenten</subfield>
   <subfield code="k">Großbritannien, Irland</subfield>
   <subfield code="k">Kunstgeschichte Großbritanniens und Irlands nach Gattungen</subfield>
   <subfield code="k">Malerei</subfield>
   <subfield code="k">Ordnung nach Epochen</subfield>
   <subfield code="k">19. und 20. Jahrhundert</subfield>
   <subfield code="0">(DE-627)1270878298</subfield>
   <subfield code="0">(DE-625)rvk/103928:</subfield>
   <subfield code="0">(DE-576)200878298</subfield>
  </datafield>
  <datafield tag="936" ind1="b" ind2="k">
   <subfield code="a">20.70</subfield>
   <subfield code="j">Europäische Kunst: Allgemeines</subfield>
   <subfield code="0">(DE-627)106406566</subfield>
  </datafield>
  <datafield tag="951" ind1=" " ind2=" ">
   <subfield code="a">BO</subfield>
  </datafield>
  <datafield tag="990" ind1=" " ind2=" ">
   <subfield code="a">Präraffaeliten</subfield>
  </datafield>
  <datafield tag="990" ind1=" " ind2=" ">
   <subfield code="a">Italien</subfield>
  </datafield>
  <datafield tag="991" ind1=" " ind2=" ">
   <subfield code="a">Rezensiertes Werk</subfield>
  </datafield>
  <datafield tag="999" ind1=" " ind2=" ">
   <subfield code="a">KXP-PPN635688034</subfield>
   <subfield code="e">4156916391</subfield>
  </datafield>
 </record>
</collection>
